[Event "17th Delhi GM Open 2019"]
[Site "Delhi"]
[Date "2019.01.11"]
[Round "4"]
[White "Swati Ghate"]
[Black "Sahoo, Utkal Ranjan"]
[Result "0-1"]
[WhiteElo "2216"]
[BlackElo "2388"]
[Annotator "ChessBase"]
[PlyCount "130"]
[EventDate "2019.01.09"]
[EventType "swiss"]
[EventCountry "IND"]
[SourceTitle "playchess.com"]
[Source "ChessBase"]
[SourceQuality "1"]
[TimeControl "5400+30"]

1. e4 {[%emt 0:05:52]} e5 {[%emt 0:00:00]} 2. Nf3 {[%emt 0:00:28]} Nc6 {[%emt 0:00:00]} 3. Bb5 {[%emt 0:00:06]} a6 {[%emt 0:00:00]} 4. Ba4 {[%emt 0:00:07]} Nf6 {[%emt 0:00:06]} 5. O-O {[%emt 0:00:07]} Be7 {[%emt 0:00:06]} 6. d3 {[%emt 0:00:09]} b5 {[%emt 0:01:07]} 7. Bb3 {[%emt 0:06:20]} d6 {[%emt 0:00:14]} 8. a3 {[%emt 0:00:12]} O-O {[%emt 0:04:02]} 9. Nc3 {[%emt 0:00:34]} Bg4 {[%emt 0:09:57]} 10. Be3 {[%emt 0:00:32]} Qd7 {[%emt 0:01:14]} 11. h3 {[%emt 0:05:31]} Bh5 {[%emt 0:00:30]} 12. Nd5 Nxd5 {[%emt 0:10:12]} 13. Bxd5 {[%emt 0:01:19]} Bg6 14. a4 {[%emt 0:12:15]} Rab8 {[%emt 0:04:59]} 15. axb5 {[%emt 0:01:21]} axb5 {[%emt 0:00:06]} 16. c3 {[%emt 0:01:43]} Kh8 17. Ra6 {[%emt 0:19:58]} Nd8 {[%emt 0:02:26]} 18. Ra7 {[%emt 0:06:52]} Nc6 {[%emt 0:01:17]} 19. Ra6 {[%emt 0:00:09]} Nd8 {[%emt 0:00:17]} 20. Nh2 {[%emt 0:04:17]} c6 21. Bb3 {[%emt 0:06:09]} Nb7 {[%emt 0:09:49]} 22. Ra7 {[%emt 0:02:36]} Ra8 {[%emt 0:02:38]} 23. Qa1 {[%emt 0:00:18]} Rxa7 {[%emt 0:00:17]} 24. Qxa7 {[%emt 0:00:05]} f5 {[%emt 0:01:17]} 25. f3 {[%emt 0:01:51]} d5 {[%emt 0:03:06]} 26. exf5 {[%emt 0:04:46]} Bxf5 {[%emt 0:00:28]} 27. d4 {[%emt 0:00:07]} Bd6 28. Ng4 {[%emt 0:04:28]} exd4 {[%emt 0:08:53]} 29. cxd4 {[%emt 0:00:42]} Bb8 {[%emt 0:02:32]} 30. Qa3 {[%emt 0:01:23]} Bd6 {[%emt 0:03:00]} 31. Qa1 {[%emt 0:00:33]} Qc7 {[%emt 0:05:39]} 32. Qc1 {[%emt 0:05:23]} Na5 {[%emt 0:01:56]} 33. Bc2 {[%emt 0:00:02]} Nc4 {[%emt 0:01:03]} 34. Bxf5 {[%emt 0:01:03]} Rxf5 {[%emt 0:00:07]} 35. Bf2 {[%emt 0:02:29]} Bf4 {[%emt 0:08:03]} 36. Qc2 {[%emt 0:00:22]} Rf8 {[%emt 0:01:02]} 37. b3 {[%emt 0:00:37]} Nd6 {[%emt 0:01:19]} 38. Re1 Kg8 {[%emt 0:03:39]} 39. Ne5 {[%emt 0:04:04]} Rc8 {[%emt 0:00:17]} 40. Nd3 {[%emt 0:00:36]} Nf5 {[%emt 0:02:05]} 41. Qe2 {[%emt 0:01:01]} Bh2+ {[%emt 0:05:36]} 42. Kh1 {[%emt 0:00:13]} Qd6 {[%emt 0:03:31]} 43. f4 {[%emt 0:03:47]} Bg3 {[%emt 0:00:10]} 44. Qg4 {[%emt 0:00:30]} Bxf2 {[%emt 0:00:06]} 45. Qxf5 {[%emt 0:00:05]} Rf8 {[%emt 0:00:06]} 46. Qe6+ {[%emt 0:00:06]} Qxe6 {[%emt 0:00:16]} 47. Rxe6 {[%emt 0:00:02]} Bg3 {[%emt 0:03:20]} 48. Rxc6 {[%emt 0:01:14]} Re8 {[%emt 0:00:05]} 49. Kg1 {[%emt 0:00:56]} Re3 {[%emt 0:01:09]} 50. Rc8+ {[%emt 0:00:13]} Kf7 {[%emt 0:00:16]} 51. Ne5+ {[%emt 0:00:40]} Ke6 {[%emt 0:00:45]} 52. Nf3 {[%emt 0:01:08]} Rxb3 {[%emt 0:00:27]} 53. Rc1 {[%emt 0:00:25]} Bxf4 {[%emt 0:00:40]} 54. Re1+ {[%emt 0:00:18]} Kd6 {[%emt 0:00:48]} 55. Kf2 {[%emt 0:00:08]} b4 {[%emt 0:01:27]} 56. Re2 {[%emt 0:00:12]} Rd3 {[%emt 0:01:45]} 57. g3 {[%emt 0:00:44]} Bc1 {[%emt 0:00:16]} 58. Rc2 {[%emt 0:00:42]} Bh6 {[%emt 0:01:00]} 59. Rc8 {[%emt 0:00:43]} b3 {[%emt 0:00:24]} 60. Rb8 {[%emt 0:00:17]} Rc3 {[%emt 0:01:39]} 61. Ke2 {[%emt 0:00:25]} Bc1 {[%emt 0:00:33]} 62. g4 {[%emt 0:00:37]} b2 {[%emt 0:00:30]} 63. h4 {[%emt 0:00:21]} Kc7 {[%emt 0:00:34]} 64. Rb5 {[%emt 0:00:20]} Re3+ {[%emt 0:00:06]} 65. Kf2 {[%emt 0:00:15]} Re6 {[%emt 0:00:08]} 0-1

[Event "17th Delhi GM Open 2019"]
[Site "Delhi"]
[Date "2019.01.11"]
[Round "4"]
[White "Grahesh Y"]
[Black "Vaibhav, Suri"]
[Result "*"]
[WhiteElo "1992"]
[BlackElo "2590"]
[Annotator "TA"]
[PlyCount "38"]
[EventDate "2019.01.09"]
[EventType "swiss"]
[EventCountry "IND"]
[SourceTitle "playchess.com"]
[Source "ChessBase"]
[SourceQuality "1"]

{[%evp 14,15,7,-14]} 1. c4 e5 2. Nc3 Nf6 3. g3 d5 4. cxd5 Nxd5 5. Bg2 Nb6 6. d3 Be7 7. a3 {A22: English Opening: 1...e5 2 Nc3 Nf6} (7. Be3 O-O 8. Rc1 Re8 9. Qc2 Bf8 10. a3 c6 11. Nf3 N8d7 12. O-O Nf6 13. b4 Bf5 14. Rfd1 h6 15. Ne4 Rc8 16. Bc5 Bxe4 17. dxe4 {½-½ (39) Ding,L (2777)-Harikrishna,P (2744) Huaian 2017}) 7... O-O 8. b4 {LiveBook: 6 Games} {Predecessor:} f5 $146 9. Nf3 Nc6 10. O-O Be6 11. b5 Nd4 12. Nxe5 Bf6 13. Nc4 Nxc4 14. dxc4 Bxc4 15. Rb1 Re8 16. Be3 Rb8 17. Rb4 Nxe2+ 18. Nxe2 Qxd1 19. Rxd1 Bxe2 {0-1 (61) Mikhalsky,V (2188)-Rakhmangulov,A (2318) Lutsk 2016} *

[Event "17th Delhi GM Open 2019"]
[Site "Delhi"]
[Date "2019.01.11"]
[Round "4"]
[White "Grahesh Y"]
[Black "Vaibhav, Suri"]
[Result "0-1"]
[WhiteElo "1992"]
[BlackElo "2590"]
[Annotator "TA"]
[PlyCount "102"]
[EventDate "2019.01.09"]
[EventType "swiss"]
[EventCountry "IND"]
[SourceTitle "playchess.com"]
[Source "ChessBase"]
[SourceQuality "1"]

{[%evp 25,102,-29,-27,-38,-38,-61,-50,-56,-55,-50,-56,-50,-55,-70,-70,-85,-88,-93,-57,-96,-87,-84,-84,-137,-133,-144,-154,-131,-131,-197,-192,-211,-203,-203,-161,-128,-51,-56,-51,-60,-31,-107,0,0,0,0,0,0,6,0,0,0,-53,-911,-911,-911,-911,-911,-904,-891,-881,-1168,-758,-858,-466,-435,-320,-1105,-1058,-1317,-1252,-29984,-29985,-29985,-29985,-29984,-29985,-5406,-3422]} 1. c4 e5 2. Nc3 Nf6 3. g3 d5 4. cxd5 Nxd5 5. Bg2 Nb6 6. d3 Be7 7. a3 O-O 8. b4 Nc6 9. Nf3 Be6 10. O-O a5 11. b5 Nd4 12. Nxd4 exd4 13. Na4 {A29: English Opening: Four Knights Variation with 4 g3} Bd5 {LiveBook: 19 Games} 14. Bh3 Re8 15. Bb2 {Black is slightly better.} c5 16. bxc6 Bxc6 17. Nxb6 Qxb6 18. Rb1 Qb5 19. Bg2 Bxg2 20. Kxg2 Qd5+ 21. Kg1 $146 Bc5 22. Qd2 b6 23. Rbc1 Re6 {[%cal Be8e6,Be6g6,Bg6g4][%mdl 32]} 24. Rfe1 (24. f3 $142) 24... Rae8 25. Rc2 h5 $1 26. h4 Rg6 {...Re3! is the strong threat.} 27. Qf4 (27. Kh2 $17 {is a better defense.}) 27... Rg4 $1 $19 {[%cal Rg4f4]} 28. Qc7 g5 $1 {[%cal Rg5h4]} 29. hxg5 {[#] and if Bc1 works, White does fine.} h4 $1 {[%cal Rh4h3] Hoping for ...h3.} 30. Bc1 {With the idea Bf4.} h3 (30... hxg3 $17 31. f3 Qf5) 31. f3 $15 {[%cal Bf2f3,Bf3f4][%mdl 32]} Bd6 {[%mdl 64] Double Attack} 32. Qc6 $1 {[%cal Rc6d5]} Rxg3+ $40 {[%mdl 128] Black is up to no good.} 33. Kh1 Qe5 (33... Qe6 $17 {And now ...h2! would win.} 34. Bb2 Rxg5 35. Bxd4 b5) 34. f4 $1 $11 {[%cal Rf4e5]} ({Avoid the trap} 34. Bf4 $2 Qxf4 35. e3 Rxe3 $19) 34... Qe7 35. Rg1 Rxg1+ 36. Kxg1 Rb8 37. a4 Qe6 38. Qf3 ({White should play} 38. Kh2 $11) 38... Qb3 $15 39. Rc6 $2 {[%mdl 8192]} (39. Qc6 $15 Bc5 40. Rd2) 39... Qd1+ $19 40. Kh2 {[#]} Re8 $1 41. Qxh3 Qxe2+ (41... Bc5 $2 42. Rh6 $17) 42. Qg2 Qxd3 43. Rc2 Qf5 44. Rf2 Kg7 45. Qf3 Bc5 46. Bd2 $2 (46. Kg3) 46... Rh8+ 47. Kg1 Rh3 48. Qa8 Qg4+ 49. Kf1 Qd1+ {[%mdl 64] Double Attack} 50. Be1 Re3 51. Kg2 Rxe1 {Accuracy: White = 38%, Black = 75%.} 0-1